[Event "28th Czech Open A 2017"]
[Site "Pardubice CZE"]
[Date "2017.07.27"]
[Round "7.7"]
[White "Westerberg, Jonathan"]
[Black "Brkic, Ante"]
[Result "1/2-1/2"]
[WhiteTitle "IM"]
[BlackTitle "GM"]
[WhiteElo "2469"]
[BlackElo "2565"]
[WhiteFideId "1701754"]
[BlackFideId "14506688"]
[EventDate "2017.07.21"]

1. e4 c5 2. Nf3 d6 3. Bb5+ Nd7 4. O-O Nf6 5. Re1 a6 6. Bd3 e6 7. c3 b5 8. Bc2 c4
9. a4 Bb7 10. axb5 axb5 11. Rxa8 Qxa8 12. Na3 Be7 13. Nxb5 O-O 14. Qe2 Rc8 15.
d3 cxd3 16. Bxd3 Nc5 17. Bg5 Nxd3 18. Qxd3 Bxe4 19. Rxe4 Nxe4 20. Bxe7 Qa1+ 21.
Qf1 Qxb2 22. Nxd6 Nxd6 23. Bxd6 Ra8 24. Bg3 Ra1 25. Ne1 Qxc3 26. f3 Qe3+ 27. Bf2
Qd2 28. h3 f6 29. Bg3 Kf7 30. Kh2 Rd1 31. Qb5 Rxe1 32. Bxe1 Qxe1 33. Qh5+ Kf8
34. Qxh7 Qe5+ 35. Kg1 Qe1+ 1/2-1/2

[Event "28th Czech Open A 2017"]
[Site "Pardubice CZE"]
[Date "2017.07.27"]
[Round "7.8"]
[White "Lintchevski, Daniil"]
[Black "Garakov, Mikhael"]
[Result "1-0"]
[WhiteTitle "GM"]
[BlackTitle "IM"]
[WhiteElo "2562"]
[BlackElo "2447"]
[WhiteFideId "4171055"]
[BlackFideId "4169034"]
[EventDate "2017.07.21"]

1. Nf3 c5 2. c4 Nf6 3. Nc3 Nc6 4. e3 g6 5. d4 cxd4 6. exd4 d5 7. cxd5 Nxd5 8.
Qb3 Nxc3 9. Bc4 e6 10. bxc3 Bg7 11. Ba3 Bf8 12. Bc1 Bg7 13. Ba3 Bf8 14. Bxf8
Kxf8 15. O-O Kg7 16. Qb5 a6 17. Qb2 b5 18. Be2 Rb8 19. a4 b4 20. Rfc1 Qf6 21.
Rd1 Rd8 22. cxb4 Nxb4 23. a5 Bb7 24. Ne5 Bxg2 25. Ng4 Qg5 26. Kxg2 Nd5 27. Qd2
Nf4+ 28. Kh1 e5 29. Qe3 Re8 30. dxe5 Rb2 31. Ra4 Rxe2 32. Qxf4 Qxf4 33. Rxf4 h5
34. Ne3 Rxe5 35. Rd7 Kh6 36. Rfxf7 1-0

[Event "28th Czech Open A 2017"]
[Site "Pardubice CZE"]
[Date "2017.07.27"]
[Round "7.9"]
[White "Drozdowski, Kacper"]
[Black "Babula, Vlastimil"]
[Result "1/2-1/2"]
[WhiteTitle "IM"]
[BlackTitle "GM"]
[WhiteElo "2461"]
[BlackElo "2551"]
[WhiteFideId "1136720"]
[BlackFideId "301264"]
[EventDate "2017.07.21"]

1. e4 c5 2. Nf3 e6 3. d4 cxd4 4. Nxd4 Nc6 5. Nc3 Qc7 6. Be2 a6 7. O-O Nf6 8. Be3
d6 9. f4 Be7 10. Kh1 O-O 11. Qe1 Bd7 12. Qg3 b5 13. a3 Rac8 14. Bd3 Na5 15. Rae1
Nc4 16. Bc1 Qb6 17. Nf3 b4 18. axb4 Qxb4 19. e5 Nh5 20. Qh3 g6 21. Nd5 exd5 22.
Qxd7 dxe5 23. fxe5 Rfd8 24. Qg4 Ng7 25. Ng5 Nd2 26. Qxb4 Bxb4 27. Bxd2 Bxd2 28.
Nxf7 Rf8 29. Nd6 Bxe1 30. Nxc8 Rxf1+ 31. Bxf1 Kf7 32. Bxa6 Ke6 33. Nb6 Bf2 34.
Bc8+ Kxe5 35. Nd7+ Kd4 36. Nf8 Bh4 37. Nxh7 Be7 38. g3 Nf5 39. Be6 Ne3 40. Bf7
g5 41. Bg6 Nd1 42. b4 Kc4 43. Kg2 Kxb4 44. Kf3 Kc3 45. Ke2 1/2-1/2

[Event "28th Czech Open A 2017"]
[Site "Pardubice CZE"]
[Date "2017.07.27"]
[Round "7.10"]
[White "Nagy, Gabor1"]
[Black "Ladva, Ottomar"]
[Result "1/2-1/2"]
[WhiteTitle "IM"]
[BlackTitle "GM"]
[WhiteElo "2452"]
[BlackElo "2531"]
[WhiteFideId "737119"]
[BlackFideId "4500024"]
[EventDate "2017.07.21"]

1. d4 Nf6 2. c4 e6 3. Nf3 d5 4. Nc3 dxc4 5. e4 Bb4 6. Bg5 h6 7. Bxf6 Qxf6 8.
Bxc4 c5 9. O-O O-O 10. e5 Qd8 11. d5 Bxc3 12. bxc3 exd5 13. Qxd5 Qxd5 14. Bxd5 1/2-1/2

[Event "28th Czech Open A 2017"]
[Site "Pardubice CZE"]
[Date "2017.07.27"]
[Round "7.11"]
[White "Paravyan, David"]
[Black "Biolek, Richard Jr."]
[Result "1/2-1/2"]
[WhiteTitle "IM"]
[BlackTitle "IM"]
[WhiteElo "2531"]
[BlackElo "2437"]
[WhiteFideId "4194985"]
[BlackFideId "319996"]
[EventDate "2017.07.21"]

1. d4 Nf6 2. Nf3 g6 3. Nbd2 d5 4. e3 Bg7 5. b4 O-O 6. c4 a5 7. b5 c5 8. bxc6
bxc6 9. Bb2 Nbd7 10. Rc1 c5 11. Be2 Bb7 12. O-O Qb6 13. Rb1 Qc7 14. dxc5 Nxc5
15. Be5 Qd7 16. cxd5 Bxd5 17. Nc4 Bxc4 18. Bxc4 Qxd1 19. Rfxd1 Nfe4 20. Rbc1
Rac8 21. Bb5 Ng5 22. Bxg7 Nxf3+ 23. gxf3 Kxg7 24. Rd5 Ne6 25. Rcd1 Nc7 26. Rc5
Nxb5 27. Rxb5 Rc2 28. a4 Ra2 29. Rxa5 Rc8 30. Re5 Rcc2 31. Rf1 e6 32. Re4 Rc3
33. Rd1 Rcc2 1/2-1/2

[Event "28th Czech Open A 2017"]
[Site "Pardubice CZE"]
[Date "2017.07.27"]
[Round "7.12"]
[White "Kaczur, Florian"]
[Black "Plat, Vojtech"]
[Result "1-0"]
[BlackTitle "IM"]
[WhiteElo "2433"]
[BlackElo "2531"]
[WhiteFideId "705098"]
[BlackFideId "325740"]
[EventDate "2017.07.21"]

1. e4 Nf6 2. e5 Nd5 3. d4 d6 4. Nf3 Bg4 5. Be2 e6 6. c4 Nb6 7. h3 Bh5 8. O-O Be7
9. Nc3 O-O 10. Be3 Nc6 11. b3 dxe5 12. Nxe5 Bxe2 13. Nxe2 Nxe5 14. dxe5 Qxd1 15.
Raxd1 Rfd8 16. f4 Nd7 17. Kf2 a6 18. Kf3 f6 19. exf6 gxf6 20. Nd4 Kf7 21. f5
exf5 22. Bf4 Nf8 23. Bxc7 Rd7 24. Bb6 Kg6 25. Ne6 Rxd1 26. Nxf8+ Bxf8 27. Rxd1
Re8 28. Rd7 Re7 29. Rxe7 Bxe7 30. Ke3 Kf7 31. Kd4 Ke6 32. c5 Bf8 33. b4 Bh6 34.
a4 Bf4 35. b5 axb5 36. axb5 Bg3 37. Kc4 Be5 38. c6 bxc6 39. bxc6 f4 40. c7 Kd7
41. Kd5 Bb2 42. Ke4 Bc3 43. Kxf4 Bb2 44. Kf5 Bc3 45. h4 Bb2 46. h5 Bc3 47. g4
Bb2 48. c8=Q+ Kxc8 49. Ke6 Bc3 50. Ke7 Kb7 51. Bf2 Kc6 52. Ke6 Kb5 53. Bh4 Kc4
54. Bxf6 1-0

[Event "28th Czech Open A 2017"]
[Site "Pardubice CZE"]
[Date "2017.07.27"]
[Round "7.13"]
[White "Noe, Christopher"]
[Black "Stefansson, Hannes"]
[Result "1-0"]
[WhiteTitle "IM"]
[BlackTitle "GM"]
[WhiteElo "2451"]
[BlackElo "2530"]
[WhiteFideId "24692018"]
[BlackFideId "2300087"]
[EventDate "2017.07.21"]

1. d4 Nf6 2. c4 e6 3. Nc3 Bb4 4. Qc2 O-O 5. a3 Bxc3+ 6. Qxc3 b6 7. Bg5 Ba6 8. e3
d6 9. Bd3 Nbd7 10. Ne2 c5 11. O-O Rc8 12. Qb3 cxd4 13. exd4 Qc7 14. Rac1 e5 15.
Bf5 Rce8 16. Qh3 Bb7 17. d5 Bc8 18. Rc3 g6 19. Bh6 Nh5 1-0

[Event "28th Czech Open A 2017"]
[Site "Pardubice CZE"]
[Date "2017.07.27"]
[Round "7.14"]
[White "Cawdery, Daniel"]
[Black "Geller, Jakov"]
[Result "0-1"]
[WhiteTitle "IM"]
[BlackTitle "GM"]
[WhiteElo "2426"]
[BlackElo "2519"]
[WhiteFideId "14300249"]
[BlackFideId "4151984"]
[EventDate "2017.07.21"]

1. e4 c5 2. Nf3 e6 3. d4 cxd4 4. Nxd4 Nc6 5. Nc3 Qc7 6. Be2 Nf6 7. Be3 a6 8. O-O
Be7 9. f4 d6 10. Qe1 O-O 11. Qg3 Nxd4 12. Bxd4 b5 13. a3 Bb7 14. Rad1 Rad8 15.
Bf3 Bc6 16. Rd3 a5 17. b4 axb4 18. axb4 Qb7 19. Re1 g6 20. f5 e5 21. Be3 Rfe8
22. Bg5 Kg7 23. Nd5 Bxd5 24. exd5 Rc8 25. h4 Rc4 26. h5 Bd8 27. Bxf6+ Bxf6 28.
Be4 Qa7+ 29. Kh1 Rxb4 30. Rf3 g5 31. Rc3 Rc4 32. Qe3 Qa4 33. Rxc4 Qxc4 34. Qd3
Qa4 35. Qc3 Qa7 36. Ra1 Qf2 37. Qf3 Qh4+ 38. Kg1 g4 39. Qd3 Rc8 40. g3 Qxh5 41.
Rb1 Qg5 42. Rxb5 Qc1+ 43. Kf2 Bg5 44. f6+ Kxf6 45. Bxh7 Rh8 46. Qf5+ Kg7 0-1

[Event "28th Czech Open A 2017"]
[Site "Pardubice CZE"]
[Date "2017.07.27"]
[Round "7.15"]
[White "Matviishen, Viktor"]
[Black "Sychev, Klementy"]
[Result "1/2-1/2"]
[WhiteTitle "FM"]
[BlackTitle "IM"]
[WhiteElo "2404"]
[BlackElo "2494"]
[WhiteFideId "14129850"]
[BlackFideId "4114060"]
[EventDate "2017.07.21"]

1. d4 d5 2. c4 c6 3. Nf3 Nf6 4. Nbd2 g6 5. b3 Bg7 6. Bb2 O-O 7. g3 a5 8. Bg2 a4
9. bxa4 Qa5 10. O-O Qxa4 11. cxd5 cxd5 12. Qxa4 Rxa4 13. Rfc1 Nc6 14. Nb3 e6 15.
Nc5 Ra7 16. Ne5 Nxe5 17. dxe5 Nd7 18. Bd4 Ra8 19. Nd3 Nb8 20. Bc5 Rd8 21. Be7
Re8 22. Bd6 Bd7 23. Rab1 Bc6 24. Nc5 Ra7 25. Rb6 Bf8 26. e4 d4 27. Rd1 Rd8 28.
Rxd4 Rxa2 29. Bf1 Rc2 30. Nxb7 Bxb7 31. Rxb7 Nc6 32. Rd3 Bxd6 33. Rxd6 Rc8 34.
f4 Na5 35. Rbd7 Nb3 36. f5 exf5 37. exf5 gxf5 38. Rf6 Nd2 39. Rxf5 Nxf1 40. Rxf1
Re2 41. Rdxf7 Rxe5 42. Kg2 Rc2+ 43. R7f2 Rxf2+ 44. Rxf2 Kg7 45. Ra2 Re7 46. Ra6
Rd7 47. Kh3 Rd4 48. Ra5 Kg6 49. g4 Rd7 50. Kh4 Rd2 51. Ra6+ Kg7 52. h3 h6 53.
Ra3 Rd5 54. Re3 Rc5 55. Rf3 Rd5 56. Kg3 h5 57. Rf5 Rd3+ 58. Kh4 hxg4 59. hxg4
Kg6 60. Rb5 1/2-1/2

[Event "28th Czech Open A 2017"]
[Site "Pardubice CZE"]
[Date "2017.07.27"]
[Round "7.16"]
[White "Nasanjargal, Urtnasan"]
[Black "Gutman, Gennadi"]
[Result "1-0"]
[WhiteTitle "FM"]
[BlackTitle "GM"]
[WhiteElo "2381"]
[BlackElo "2480"]
[WhiteFideId "4900774"]
[BlackFideId "14102277"]
[EventDate "2017.07.21"]

1. d4 e6 2. g3 c5 3. Nf3 Nc6 4. Bg2 cxd4 5. Nxd4 Qb6 6. Nb3 Nf6 7. O-O Be7 8. c4
d6 9. Bf4 e5 10. Be3 Qd8 11. Nc3 Be6 12. Nd5 O-O 13. h3 Bxd5 14. cxd5 Nb8 15.
Qd2 a5 16. Qc3 Nfd7 17. Rac1 a4 18. Nd2 Na6 19. Qc4 f5 20. Qxa4 f4 21. gxf4 exf4
22. Bd4 Bf6 23. Qc4 Bxd4 24. Qxd4 Rf6 25. Nf3 Qe7 26. Rc2 Raf8 27. Rfc1 Rg6 28.
Kf1 Re8 29. b4 Rf6 30. a3 Rff8 31. h4 Ne5 32. Nxe5 Qxe5 33. Qxe5 Rxe5 34. Rc8
Rxc8 35. Rxc8+ Kf7 36. Bf3 g5 37. hxg5 Rxg5 38. Rh8 Rg7 39. Be4 Kf6 40. Bxh7 Ke5
41. Re8+ Kxd5 42. Bd3 Nc7 43. Re4 Rf7 44. f3 Rf6 45. Re7 Kc6 46. a4 b6 47. b5+
Kb7 48. Be4+ Kc8 49. Bc6 d5 50. Rh7 Rf8 51. a5 1-0

[Event "28th Czech Open A 2017"]
[Site "Pardubice CZE"]
[Date "2017.07.27"]
[Round "7.17"]
[White "Horvath, Dominik"]
[Black "Puranik, Abhimanyu"]
[Result "1/2-1/2"]
[WhiteTitle "FM"]
[BlackTitle "IM"]
[WhiteElo "2310"]
[BlackElo "2479"]
[WhiteFideId "1642561"]
[BlackFideId "5061245"]
[EventDate "2017.07.21"]

1. Nf3 Nf6 2. g3 g6 3. b3 Bg7 4. Bb2 O-O 5. Bg2 d5 6. c4 c6 7. O-O a5 8. d3 Re8
9. Nbd2 Nbd7 10. Rc1 e5 11. cxd5 cxd5 12. Qc2 Qe7 13. Nb1 b5 14. Nc3 Ba6 15. Nd2
Rac8 16. Qb1 Nb6 17. a3 d4 18. Nce4 Nfd5 19. b4 axb4 20. axb4 Bb7 21. Nc5 Ba8
22. Ba1 Bh6 23. Rfd1 Rc7 24. Qb3 Rec8 25. Bb2 Na4 26. Nxa4 bxa4 27. Rxc7 Qxc7
28. Qxa4 Qc2 29. Qxc2 Rxc2 30. Nc4 Rxe2 31. Bf3 Rc2 32. Ra1 Bc6 33. Bd1 Rxc4 34.
dxc4 Nxb4 35. Bc1 Bxc1 36. Rxc1 Na2 37. Ra1 Nc3 38. Kf1 Kf8 39. Ke1 Ke7 40. Ra7+
Ke6 41. Bb3 h5 42. c5+ Bd5 43. Ra6+ Ke7 44. Bxd5 Nxd5 45. Kd2 h4 46. Rd6 Nc3 47.
f3 hxg3 48. hxg3 Na4 49. f4 exf4 50. Rxd4 Nxc5 51. Rxf4 f5 52. Ke3 Ne4 53. g4
Nf6 54. gxf5 Nd5+ 55. Kf3 Nxf4 56. Kxf4 gxf5 57. Kxf5 1/2-1/2

[Event "28th Czech Open A 2017"]
[Site "Pardubice CZE"]
[Date "2017.07.27"]
[Round "7.18"]
[White "Piscopo, Pierluigi"]
[Black "Nihal, Sarin"]
[Result "0-1"]
[WhiteTitle "IM"]
[BlackTitle "FM"]
[WhiteElo "2396"]
[BlackElo "2471"]
[WhiteFideId "809152"]
[BlackFideId "25092340"]
[EventDate "2017.07.21"]

1. e4 c5 2. Nc3 a6 3. f4 b5 4. d4 cxd4 5. Qxd4 Nc6 6. Qf2 e6 7. Nf3 d6 8. Bd3
Nf6 9. e5 Nd7 10. O-O Nc5 11. Be3 Nxd3 12. cxd3 Be7 13. Bb6 Qd7 14. Ne4 dxe5 15.
fxe5 O-O 16. Rac1 Bb7 17. Bc5 Bxc5 18. Nxc5 Qe7 19. a3 Rad8 20. b4 Nb8 21. Qh4
Qxh4 22. Nxh4 Bd5 23. Nf3 Nc6 24. Rfe1 a5 25. bxa5 Nxa5 26. Rb1 Nc6 27. Rxb5
Bxf3 0-1

[Event "28th Czech Open A 2017"]
[Site "Pardubice CZE"]
[Date "2017.07.27"]
[Round "7.19"]
[White "Vorobiov, Evgeny E."]
[Black "Kozak, Adam"]
[Result "1-0"]
[WhiteTitle "GM"]
[BlackTitle "IM"]
[WhiteElo "2585"]
[BlackElo "2414"]
[WhiteFideId "4121341"]
[BlackFideId "753246"]
[EventDate "2017.07.21"]

1. Nf3 c5 2. g3 Nc6 3. Bg2 g6 4. d4 cxd4 5. Nxd4 Bg7 6. Nb3 d6 7. O-O Be6 8. e4
Nf6 9. Nc3 O-O 10. Nd5 Rc8 11. Bg5 Bxd5 12. exd5 Ne5 13. c3 Nc4 14. Qe2 Qb6 15.
Rad1 h6 16. Bc1 Qa6 17. a3 Qb6 18. Nd4 Ne5 19. Rfe1 Rfe8 20. h3 a6 21. Kh2 Kh7
22. Nc2 Nfd7 23. f4 Nc4 24. Nd4 Qc5 25. Qf3 Nf6 26. Re2 Nb6 27. Nc2 Qc4 28. Rd4
Qc7 29. Ne3 Nfd7 30. Rd1 Nc4 31. Rde1 Nxe3 32. Bxe3 b5 33. Bf2 Nf6 34. g4 Qd7
35. Bd4 Ng8 36. Bf2 Rc4 37. Bf1 Rf8 38. Re3 Rc7 39. Bd3 Kh8 40. g5 hxg5 41. fxg5
Be5+ 42. Bg3 Bxg3+ 43. Qxg3 Kg7 44. Qh4 f5 45. Qd4+ Kf7 46. Qh8 Ke8 47. Qd4 e5
48. dxe6 Qc6 49. e7 Rxe7 50. Qg7 Qd7 51. Qxg6+ Kd8 52. Re6 Rg7 53. Qh5 Kc7 54.
Qf3 Ne7 55. c4 Nc6 56. Qd5 Rxg5 57. cxb5 axb5 58. Bxb5 Rfg8 59. Rc1 Rg2+ 60. Kh1
R2g3 61. Rxc6+ Kd8 62. Rc8+ Kxc8 63. Qa8+ 1-0

[Event "28th Czech Open A 2017"]
[Site "Pardubice CZE"]
[Date "2017.07.27"]
[Round "7.20"]
[White "Vokac, Marek"]
[Black "Deac, Bogdan-Daniel"]
[Result "0-1"]
[WhiteTitle "GM"]
[BlackTitle "GM"]
[WhiteElo "2412"]
[BlackElo "2579"]
[WhiteFideId "300101"]
[BlackFideId "1226380"]
[EventDate "2017.07.21"]

1. c4 e5 2. Nf3 e4 3. Nd4 Nc6 4. Nc2 d5 5. cxd5 Qxd5 6. Nc3 Qe5 7. f3 exf3 8.
gxf3 Qf4 9. e3 Qh4+ 10. Ke2 Be6 11. Qe1 Qh5 12. d4 O-O-O 13. Qf2 f5 14. Bd2 Nf6
15. Kd1 f4 16. Rg1 Bf5 17. Rc1 fxe3 18. Bxe3 h6 19. Be2 Qf7 20. Ke1 a6 21. a3
Qb3 22. d5 Nxd5 23. Nxd5 Qxd5 24. Rd1 Qa5+ 25. b4 Rxd1+ 26. Bxd1 Qe5 27. f4 Qe6
28. Qe2 Qf6 29. Rg3 Bd6 30. b5 axb5 31. Qxb5 g5 32. Qc4 gxf4 33. Bxf4 Bxc2 34.
Rg8+ 0-1

[Event "28th Czech Open A 2017"]
[Site "Pardubice CZE"]
[Date "2017.07.27"]
[Round "7.21"]
[White "Chigaev, Maksim"]
[Black "Domogaev, Sergey"]
[Result "1-0"]
[WhiteTitle "GM"]
[BlackTitle "GM"]
[WhiteElo "2578"]
[BlackElo "2395"]
[WhiteFideId "4108116"]
[BlackFideId "24103608"]
[EventDate "2017.07.21"]

1. e4 e5 2. Bc4 Nf6 3. d3 Nc6 4. Nf3 Be7 5. O-O d6 6. a4 O-O 7. a5 a6 8. h3 Be6
9. Re1 Re8 10. Nc3 Nd4 11. Nxd4 exd4 12. Bxe6 fxe6 13. Ne2 c5 14. c3 dxc3 15.
bxc3 b5 16. axb6 Qxb6 17. Be3 Reb8 18. Ra4 Qb2 19. Qa1 Rb6 20. Ra5 Qc2 21. Nf4
Kf7 22. Ra2 Qb3 23. Ne2 Qb5 24. c4 Qb3 25. e5 dxe5 26. Nc1 Qb1 27. Qxe5 Bd6 28.
Qc3 Qb4 29. Ne2 Qxc3 30. Nxc3 Rb3 31. Nb5 Rxd3 32. Kf1 Bf8 33. Rea1 Ne4 34. Rxa6
Rxa6 35. Rxa6 Ng3+ 36. Ke1 Nf5 37. Ra3 Rxa3 38. Nxa3 Nxe3 39. fxe3 Kf6 40. Ke2
Ke5 41. Nb5 Be7 42. Kf3 Bd8 43. Nc3 Be7 44. Ne4 Kf5 45. g4+ Ke5 46. Nf2 Bh4 47.
Nd3+ Kd6 48. Ke4 Bf6 49. Nf4 Ke7 50. Ng2 Kd6 51. Ne1 Bh4 52. Nf3 Bf6 53. Kf4 Ke7
54. g5 Bc3 55. h4 Bb2 56. Ne5 Bc3 57. Nd3 Kd6 58. Nf2 Be5+ 59. Kg4 Kd7 60. Ne4
Bd6 61. h5 Bf8 62. Nf2 h6 63. Nd3 Kd6 64. Kf4 Be7 65. g6 Bg5+ 66. Ke4 Bf6 67.
Nf2 Bc3 68. Ng4 Bb2 69. Kd3 Ba1 70. Kc2 Kc6 71. Kb3 Kb6 72. e4 Kc6 73. e5 Bd4
74. Kc2 Kd7 75. Nxh6 Bxe5 76. Nf7 Bd4 77. Ng5 Ke7 78. Ne4 Ke8 79. Kd3 Kf8 80.
Ke2 Ke8 81. Kf3 Ke7 82. Kf4 Bg1 83. Kg4 Be3 84. Kf3 Bd4 85. Ke2 Kf8 86. Kd3 Ke7
87. Kc2 Be3 88. Kb3 Kd7 89. Nxc5+ Kd6 90. Ne4+ 1-0

[Event "28th Czech Open A 2017"]
[Site "Pardubice CZE"]
[Date "2017.07.27"]
[Round "7.22"]
[White "Maslak, Konstantin"]
[Black "Rydl, Jiri"]
[Result "1/2-1/2"]
[WhiteTitle "GM"]
[BlackTitle "FM"]
[WhiteElo "2566"]
[BlackElo "2395"]
[WhiteFideId "4130901"]
[BlackFideId "346390"]
[EventDate "2017.07.21"]

1. e4 e6 2. d4 d5 3. Nd2 Be7 4. c3 c5 5. dxc5 Bxc5 6. Bd3 Nc6 7. Qe2 Nge7 8.
Ngf3 Bb6 9. O-O O-O 10. Nb3 Ng6 11. Be3 Bxe3 12. Qxe3 dxe4 13. Bxe4 Qc7 14. Nbd4
Nxd4 15. cxd4 Qd6 16. Ng5 h6 17. Bxg6 hxg5 18. Bc2 Qf4 19. Qd3 g6 20. Rae1 Bd7
21. Re3 Rac8 22. Bb3 Rfd8 23. Rf3 Qd6 24. Rg3 Qf4 25. Rf3 Qd6 26. Rg3 Qf4 1/2-1/2

[Event "28th Czech Open A 2017"]
[Site "Pardubice CZE"]
[Date "2017.07.27"]
[Round "7.23"]
[White "Dvoirys, Semen I."]
[Black "Tomazini, Aljosa"]
[Result "1/2-1/2"]
[WhiteTitle "GM"]
[BlackTitle "FM"]
[WhiteElo "2552"]
[BlackElo "2387"]
[WhiteFideId "4100379"]
[BlackFideId "14608154"]
[EventDate "2017.07.21"]

1. e4 e5 2. Nf3 Nc6 3. Bb5 g6 4. c3 a6 5. Ba4 Bg7 6. d4 exd4 7. cxd4 b5 8. Bb3
Nge7 9. Nc3 Na5 10. Bc2 d6 11. h3 O-O 12. O-O c5 13. Bg5 h6 14. Bh4 g5 15. Bg3
Nc4 16. dxc5 dxc5 17. Qe2 Nxb2 18. e5 Nc4 19. a4 Be6 20. axb5 axb5 21. Nxb5 Rxa1
22. Rxa1 Qb6 23. Rb1 Qa5 24. Bd3 Na3 25. Nxa3 Qxa3 26. Bc4 Nd5 27. Qe1 Qc3 28.
Qe4 Nf4 29. Bxe6 Nxe6 30. h4 Rd8 31. hxg5 hxg5 32. Rb6 Rd1+ 33. Kh2 Qd3 34. Qxd3
Rxd3 35. Kh3 Bf8 36. Rc6 1/2-1/2

[Event "28th Czech Open A 2017"]
[Site "Pardubice CZE"]
[Date "2017.07.27"]
[Round "7.24"]
[White "Hauchard, Arnaud"]
[Black "Raja, Harshit"]
[Result "1-0"]
[WhiteTitle "GM"]
[WhiteElo "2550"]
[BlackElo "2377"]
[WhiteFideId "600113"]
[BlackFideId "5089000"]
[EventDate "2017.07.21"]

1. c4 Nf6 2. Nc3 c5 3. Nf3 g6 4. d4 cxd4 5. Nxd4 Nc6 6. Nc2 Bg7 7. e4 O-O 8. Be2
d6 9. O-O Be6 10. Bd2 a5 11. Kh1 Nd7 12. f3 Nc5 13. Ne3 a4 14. Rb1 Nd4 15. Ned5
f5 16. Be3 Nxe2 17. Qxe2 fxe4 18. fxe4 Bxd5 19. exd5 a3 20. b4 Na4 21. Rxf8+
Qxf8 22. Nxa4 Rxa4 23. Rf1 Qc8 24. Bd2 Bf6 25. Qd3 Ra7 26. Be3 Ra4 27. Qb3 Qd7
28. h3 Ra8 29. Rf3 Qa4 30. Bb6 Qxb3 31. Rxb3 Bb2 32. g3 Kf7 33. Kg2 e6 34. Rf3+
Ke7 35. Re3 Be5 36. c5 Ra4 37. Rxe5 dxe5 38. d6+ Kd7 39. Ba5 1-0

[Event "28th Czech Open A 2017"]
[Site "Pardubice CZE"]
[Date "2017.07.27"]
[Round "7.25"]
[White "Frolov, Artur"]
[Black "Kovalev, Andrei"]
[Result "1/2-1/2"]
[WhiteTitle "IM"]
[BlackTitle "GM"]
[WhiteElo "2410"]
[BlackElo "2517"]
[WhiteFideId "14100134"]
[BlackFideId "13500023"]
[EventDate "2017.07.21"]

1. e4 c5 2. Nf3 e6 3. d4 cxd4 4. Nxd4 a6 5. Nc3 Qc7 6. Bd3 Bc5 7. Nb3 Be7 8. a4
b6 9. O-O d6 10. Qg4 g6 11. Qe2 Nd7 12. f4 Ngf6 13. Kh1 Bb7 14. Bd2 h5 15. Rf3
h4 16. Rh3 Nc5 17. Nxc5 bxc5 1/2-1/2

[Event "28th Czech Open A 2017"]
[Site "Pardubice CZE"]
[Date "2017.07.27"]
[Round "7.26"]
[White "Cvek, Robert"]
[Black "Plischki, Sebastian"]
[Result "1/2-1/2"]
[WhiteTitle "GM"]
[BlackTitle "IM"]
[WhiteElo "2516"]
[BlackElo "2376"]
[WhiteFideId "307424"]
[BlackFideId "4637143"]
[EventDate "2017.07.21"]

1. Nf3 c5 2. e3 Nf6 3. d4 d5 4. c3 Nbd7 5. Bd3 g6 6. O-O Bg7 7. Ne5 O-O 8. f4
Qc7 9. Nd2 Nxe5 10. dxe5 Ng4 11. Qe2 f6 12. h3 Nh6 13. exf6 exf6 14. c4 Be6 15.
cxd5 Bxd5 16. Bc4 Qf7 17. e4 Rfe8 18. Bxd5 Qxd5 19. Qf2 Qd4 20. Qxd4 1/2-1/2

[Event "28th Czech Open A 2017"]
[Site "Pardubice CZE"]
[Date "2017.07.27"]
[Round "7.27"]
[White "Erenberg, Ariel"]
[Black "Schlosser, Philipp"]
[Result "1-0"]
[WhiteTitle "IM"]
[BlackTitle "GM"]
[WhiteElo "2375"]
[BlackElo "2516"]
[WhiteFideId "2811634"]
[BlackFideId "4600169"]
[EventDate "2017.07.21"]

1. d4 d5 2. c4 e6 3. Nc3 Be7 4. Nf3 Nf6 5. Bg5 O-O 6. e3 Nbd7 7. cxd5 Nxd5 8.
Bxe7 Qxe7 9. Nxd5 exd5 10. Bd3 Nf6 11. h3 Ne4 12. O-O Bf5 13. Qc2 Bg6 14. Ne5
Nd6 15. Bxg6 hxg6 16. Rfc1 c6 17. a4 g5 18. b4 a6 19. Qb3 g6 20. Re1 Kg7 21. Qc2
Rh8 22. f3 a5 23. Qc5 axb4 24. Qxb4 Qc7 25. e4 Ra5 26. Ng4 Rha8 27. e5 Ne8 28.
h4 gxh4 29. Qd2 Qe7 30. e6 f6 31. Qh6+ Kg8 32. Qxg6+ Qg7 33. Qh5 Qh7 34. Nh6+
Kg7 35. Nf5+ Kh8 36. Qg4 Rxa4 37. Rxa4 Rxa4 38. Nxh4 Ra8 39. e7 Ng7 40. Ng6+ Kg8
41. Nf8 1-0

[Event "28th Czech Open A 2017"]
[Site "Pardubice CZE"]
[Date "2017.07.27"]
[Round "7.28"]
[White "Debashis, Das"]
[Black "Popov, Mikhail"]
[Result "1/2-1/2"]
[WhiteTitle "GM"]
[BlackTitle "FM"]
[WhiteElo "2505"]
[BlackElo "2374"]
[WhiteFideId "5024854"]
[BlackFideId "4146182"]
[EventDate "2017.07.21"]

1. d4 Nf6 2. c4 g6 3. Nc3 Bg7 4. e4 d6 5. Nf3 O-O 6. Be3 Na6 7. Be2 c6 8. O-O e5
9. d5 Ng4 10. Bg5 f6 11. Bh4 c5 12. Ne1 Nh6 13. Nd3 g5 14. Bg3 f5 15. exf5 Nxf5
16. Bg4 h6 17. Ne4 Nc7 18. Re1 Ne8 19. b4 b6 20. bxc5 bxc5 21. Rb1 Nf6 22. h3
Nxe4 23. Rxe4 Qf6 24. Bh2 Qg6 25. Bh5 Qh7 26. f3 Nd4 27. Bg4 Nf5 28. Bh5 Nd4 29.
Bg4 Nf5 1/2-1/2

[Event "28th Czech Open A 2017"]
[Site "Pardubice CZE"]
[Date "2017.07.27"]
[Round "7.29"]
[White "Vetoshko, Volodymyr"]
[Black "Yagupov, Igor"]
[Result "1-0"]
[WhiteTitle "GM"]
[BlackTitle "GM"]
[WhiteElo "2505"]
[BlackElo "2372"]
[WhiteFideId "14122480"]
[BlackFideId "4113632"]
[EventDate "2017.07.21"]

1. d4 d5 2. c4 e6 3. Nf3 Nf6 4. g3 Bb4+ 5. Bd2 Be7 6. Bg2 O-O 7. O-O c6 8. Qc2
a5 9. Bf4 Na6 10. Nbd2 Nh5 11. Be3 b6 12. Ne5 Bb7 13. Rac1 c5 14. dxc5 Bxc5 15.
Bxc5 Nxc5 16. cxd5 Bxd5 17. Rfd1 Bxg2 18. Kxg2 Qc7 19. Ndf3 Nf6 20. a3 a4 21.
Rd4 Rfd8 22. Rxd8+ Qxd8 23. Rd1 Qc7 24. Rd4 h6 25. Qc4 Rd8 26. Rxd8+ Qxd8 27.
Qd4 Qc7 28. Nd2 Nfd7 29. Nxd7 Qc6+ 30. f3 Nxd7 31. Ne4 f5 32. Qd6 Qxd6 33. Nxd6
Kf8 34. Kf2 Ke7 35. Nb5 Nc5 36. Ke3 e5 37. Kd2 Ke6 38. Kc3 Kd5 39. Kb4 f4 40.
gxf4 exf4 41. Kc3 Ne6 42. Kb4 Nc5 43. Nc3+ Kd4 44. Kb5 g5 45. Kxb6 h5 46. h3 Nb3
47. Nxa4 Ke3 48. Nc3 Nd4 49. a4 Nxe2 50. a5 Nxc3 51. bxc3 g4 52. hxg4 hxg4 53.
fxg4 f3 54. a6 f2 55. a7 f1=Q 56. a8=Q Qc4 57. Qc6 Qxg4 58. c4 Kf2 59. c5 Qb4+
60. Kc7 Qa5+ 61. Qb6 Qc3 62. c6+ Kg2 63. Kb8 Qe5+ 64. c7 Kh2 65. Qb3 Qf4 66. Qb5
Qd6 67. Kb7 Qe7 68. Qb2+ Kg1 69. Qd4+ Kh2 70. Kb8 1-0